<?xml version="1.0" encoding="UTF-8"?>
<record
    xmlns:xsi="http://www.w3.org/2001/XMLSchema-instance"
    xsi:schemaLocation="http://www.loc.gov/MARC21/slim http://www.loc.gov/standards/marcxml/schema/MARC21slim.xsd"
    xmlns="http://www.loc.gov/MARC21/slim">

  <leader>01183njm a2200229 a 4500</leader>
  <controlfield tag="001">37913</controlfield>
  <controlfield tag="003">(BD-RjUL)</controlfield>
  <controlfield tag="005">20211209052704.0</controlfield>
  <controlfield tag="008">150810s2009    ii ||||gs|||| 00| 0 eng d</controlfield>
  <datafield tag="035" ind1=" " ind2=" ">
    <subfield code="a">(BD-RjUL)38018</subfield>
  </datafield>
  <datafield tag="040" ind1=" " ind2=" ">
    <subfield code="a">BD-RjUL</subfield>
    <subfield code="b">eng</subfield>
    <subfield code="c">BD-RjUL</subfield>
  </datafield>
  <datafield tag="041" ind1=" " ind2=" ">
    <subfield code="a">eng</subfield>
  </datafield>
  <datafield tag="082" ind1=" " ind2=" ">
    <subfield code="2">22</subfield>
    <subfield code="a">782.8</subfield>
    <subfield code="b">KOH 2009</subfield>
  </datafield>
  <datafield tag="245" ind1=" " ind2=" ">
    <subfield code="a">Kohinoor</subfield>
    <subfield code="b">[ songs: a unique collection of artistics awarded with bharat ratna and padma vibhushan awards]</subfield>
    <subfield code="c">Indian Classical Music.</subfield>
    <subfield code="h">[Sound Recording]/</subfield>
  </datafield>
  <datafield tag="260" ind1=" " ind2=" ">
    <subfield code="a">India :</subfield>
    <subfield code="b">Indian Classical Music,</subfield>
    <subfield code="c">p &amp; c2009.</subfield>
  </datafield>
  <datafield tag="300" ind1=" " ind2=" ">
    <subfield code="a">16 Sound disc :</subfield>
    <subfield code="b">digital, analog;</subfield>
    <subfield code="c">4 3\4 in (each).</subfield>
    <subfield code="e">Songs.</subfield>
  </datafield>
  <datafield tag="500" ind1=" " ind2=" ">
    <subfield code="a">Compact disc.</subfield>
  </datafield>
  <datafield tag="505" ind1=" " ind2=" ">
    <subfield code="a">CD 1. Satyajit-- CD 2. Subbulakshmi-- CD 3. Pt. Ravi Shankar-- CD 4. Lata Mangeshkar-- CD 5. Ustad Bismillah Khan-- CD 6. Acharya Allauddin Khan-- CD 7. Ustad Ali Akbar Khan-- CD 8. Bhimsen Joshi--  CD 9. Dr. Balmuralikrishanan-- CD 10. Pt. Jasraj-- CD 11. Pt. Hariprasad Chaurasia-- CD 12. Pt. Shiv Kumar Sharma-- CD 13. Ustad Amjad Ali Khan-- CD 14. Dr. Gangubai Hangal-- CD 15. Kishori Amonkar-- CD 16. Pt. Ram Narayan--</subfield>
  </datafield>
  <datafield tag="650" ind1=" " ind2=" ">
    <subfield code="a">Vocal Music</subfield>
    <subfield code="9">117461</subfield>
    <subfield code="z">India.</subfield>
  </datafield>
  <datafield tag="650" ind1=" " ind2=" ">
    <subfield code="a">Songs, Bangla</subfield>
    <subfield code="9">117475</subfield>
  </datafield>
  <datafield tag="942" ind1=" " ind2=" ">
    <subfield code="2">ddc</subfield>
    <subfield code="c">AVM</subfield>
  </datafield>
  <datafield tag="999" ind1=" " ind2=" ">
    <subfield code="c">37913</subfield>
    <subfield code="d">37913</subfield>
  </datafield>
  <datafield tag="952" ind1=" " ind2=" ">
    <subfield code="0">0</subfield>
    <subfield code="1">0</subfield>
    <subfield code="2">ddc</subfield>
    <subfield code="4">0</subfield>
    <subfield code="7">1</subfield>
    <subfield code="8">NFIC</subfield>
    <subfield code="a">RUCL</subfield>
    <subfield code="b">RUCL</subfield>
    <subfield code="c">AVM</subfield>
    <subfield code="d">2015-08-10</subfield>
    <subfield code="g">1999.00</subfield>
    <subfield code="l">0</subfield>
    <subfield code="o">AV 782.8 KOH 2009</subfield>
    <subfield code="r">2015-08-10 00:00:00</subfield>
    <subfield code="t">C.1</subfield>
    <subfield code="w">2021-12-09</subfield>
    <subfield code="y">AVM</subfield>
  </datafield>
</record>
